| 000 | 00841nam a2200241Ia 4500 | ||
|---|---|---|---|
| 003 | GCL | ||
| 008 | 140319s9999 xx 000 0 ara d | ||
| 020 | _a4722305977 | ||
| 040 |
_aGCL / _cGCL |
||
| 082 | 0 | 4 |
_aق _b932 _bهـ ت |
| 100 | 1 | _aزاهى حواس | |
| 245 | 1 | 0 |
_aتراث مصر / _cزاهى حواس |
| 700 | 1 | _aهاريس، جى ار | |
| 700 | 1 | _aصالح بدير | |
| 260 |
_aالقاهرة : _bالمجلس الاعلى للاثار ، _c2004 |
||
| 300 |
_a510 ص ؛ _c32 سم |
||
| 490 |
_aسلسلة الثقافة الاثرية والتاريخية مشروع المائة كتاب _v38 |
||
| 650 | 0 | 4 | _aالحضارة الفرعونية |
| 650 | 0 | 4 | _aالاثار الفرعونية |
| 650 | 0 | 4 | _aالعمارة المصرية القديمة |
| 650 | 0 | 4 | _aمصر القديمة - تاريخ |
| 942 |
_2ddc _cBK |
||
| 999 |
_c8581 _d8581 |
||